Probabilistic Number Theory
Αποθηκεύτηκε σε:
| Κύριος συγγραφέας: | |
|---|---|
| Μορφή: | Βιβλίο |
| Γλώσσα: | English |
| Δημοσίευση: |
New York :
Springer-Verlag,
c1979 c1980
|
| Σειρά: | Grundlehren der mathematischen wissenschaften ;
; 239-240 |
| Θέματα: | |
| Ετικέτες: |
Προσθήκη ετικέτας
Δεν υπάρχουν, Καταχωρήστε ετικέτα πρώτοι!
|
MARC
| LEADER | 00000nam a2200000 i 4500 | ||
|---|---|---|---|
| 001 | 1/30661 | ||
| 008 | 960710s19791980 eng d | ||
| 020 | |a 0-387-90437-9 | ||
| 020 | |a 0-387-90438-7 | ||
| 035 | |a 1995 |l 10038626 | ||
| 040 | |a GR-MY-UA |b gre |e aacr | ||
| 041 | 0 | |a eng | |
| 082 | 0 | |a 512.7 | |
| 100 | 1 | |a Elliott, Peter D.T.A. | |
| 245 | 1 | 0 | |a Probabilistic Number Theory / |c P.D.T.A. Elliot |
| 246 | 3 | 3 | |a Probabilistic Number Theory I |
| 246 | 3 | 3 | |a Probabilistic Number Theory II |
| 260 | |a New York : |b Springer-Verlag, |c c1979 |c c1980 | ||
| 300 | |a 2 vols; |c 24 cm. | ||
| 490 | 1 | |a Grundlehren der mathematischen Wissenschaften |v ; 239-240 | |
| 500 | |a Includes bibliographical references and indexes | ||
| 505 | 0 | |a v.1: Mean-Value Theorems .- v.2: Central Limit Theorems | |
| 650 | 0 | 0 | |a Probabilistic number theory. |
| 740 | 0 | 2 | |a Mean-Value Theorems |
| 740 | 0 | 2 | |a Central Limit Theorems |
| 830 | 0 | |a Grundlehren der mathematischen wissenschaften ; |v ; 239-240 | |
| 852 | |a INST |b SAMOS |e 19960710 |h 512.7 ELL |p 005300005110 |q 005300005110 |t BK |y 0 |z v.1 | ||
| 852 | |a INST |b SAMOS |e 19960710 |h 512.7 ELL |p 005300005118 |q 005300005118 |t BK |y 0 |z v.2 | ||
| 852 | |a INST |b SAMOS |e 19960710 |h 512.7 ELL |p 005300005110 |q 005300005110 |t BK |v v.1: |y 0 |z v.1 | ||
| 852 | |a INST |b SAMOS |e 19960710 |h 512.7 ELL |p 005300005118 |q 005300005118 |t BK |v v.2: |y 0 |z v.2 | ||
| 853 | |a INST |b SAMOS |h 512.7 ELL | ||
| 909 | |a Σ |b 039258 | ||
| 909 | |a Σ |b 039259 | ||